Quick Pick: Eevee's Evolutions Quiz Stats

Quiz Updated Dec 6, 2017

Challenge
Share
Tweet
Embed
Score 0/8 Timer 01:00
1 Play Today
% Correct
Flareon
87.6%
Jolteon
86%
Vaporeon
83.9%
Glaceon
83%
Leafeon
82.8%
Espeon
78.5%
Umbreon
78.4%
Sylveon
71%

Today's Daily Dose

You're not logged in!

Compare scores with friends on all Sporcle quizzes.
Join for Free
OR
Log In

You Might Also Like...

Show Comments

Extras

Top Quizzes Today


Score Distribution

Your Account Isn't Verified!

In order to create a playlist on Sporcle, you need to verify the email address you used during registration. Go to your Sporcle Settings to finish the process.

Report this User

Report this user for behavior that violates our Community Guidelines.

Details: